000 00573nam a2200229Ia 4500
003 0100
008 130227s9999 xx 000 0 und d
020 _a1883357519
040 _cARRUPELIB
050 _aB430.T454 1993
100 _aThomas Aquinas, St.
245 _aCommentary on Aristotle's Nichomachean Ethics
250 _aRevised eiditon
260 _aNotre Dame
260 _bDumb Ox Books
260 _C1993
300 _axiii
300 _b 686p 23cm
440 _aAristotelian commentary series
700 _aLitzinger, C.I. (tr)
942 _2lcc
_012
999 _c1856
_d1856